| Tag |
First Indicator |
Second Indicator |
Subfields |
| LEADER |
00000cam a22000001a 4500 |
| 001 |
in00002139782 |
| 006 |
m e d # |
| 007 |
cr mn mmmmabba |
| 008 |
851205s1754 nyu s 000 0 eng d |
| 005 |
20260331164008.9 |
| 035 |
|
|
|z w028625
|
| 035 |
|
|
|a MAAR8512053902B
|
| 035 |
|
|
|9 mwa91-17507
|
| 035 |
|
|
|a 323676
|
| 035 |
|
|
|a aas03028625
|
| 040 |
|
|
|a MWA
|c MWA
|e bdrb
|d UtOrBLW
|
| 100 |
1 |
|
|a McAlpine, Robert.
|
| 245 |
1 |
0 |
|a New-York, February 29, 1754. Advertisement :
|b Just published, and to be sold by Robert Mc.Alpine, bookbinder, in Hanover-Square, in New-York, price two shillings; a preface to the Independent reflector ...
|
| 264 |
|
3 |
|a [New York] :
|b [Printed by James Parker?],
|c [1754]
|
| 300 |
|
|
|a 1 sheet (1 unnumbered page)
|
| 336 |
|
|
|a text
|b txt
|2 rdacontent
|
| 337 |
|
|
|a computer
|b c
|2 rdamedia
|
| 338 |
|
|
|a online resource
|b cr
|2 rdacarrier
|
| 500 |
|
|
|a James Parker printed the Independent reflector in 1754.
|
| 510 |
4 |
|
|a Bristol
|c B1653
|
| 510 |
4 |
|
|a Shipton & Mooney
|c 40690
|
| 530 |
|
|
|a Microform version available in the Readex Early American Imprints series.
|
| 533 |
|
|
|a Electronic text and image data.
|b [Chester, Vt. :
|c Readex, a division of Newsbank, Inc.,
|d 2002-2004.
|e Includes files in TIFF, GIF and PDF formats with inclusion of keyword searchable text.
|f (Early American imprints. First series ; no. 40690).
|
| 500 |
|
|
|a Electronic resource.
|
| 600 |
1 |
0 |
|a Livingston, William,
|d 1723-1790.
|t Independent reflector.
|
| 650 |
|
0 |
|a Booksellers and bookselling
|z New York (State)
|z New York.
|
| 655 |
|
7 |
|a Broadsides.
|2 rbgenr
|
| 655 |
|
7 |
|a Booksellers' advertisements
|z New York (State)
|z New York.
|2 rbgenr
|
| 752 |
|
|
|a United States
|b New York
|d New York.
|
| 830 |
|
0 |
|a Early American imprints.
|n Series I,
|p Evans (1639-1800) ;
|v no. 40690.
|
| 856 |
4 |
1 |
|u http://proxy.library.tamu.edu/login?url=https://opac.newsbank.com/select/evans/40690
|y Evans Digital Edition
|t 0
|
| 999 |
|
|
|a MARS
|
| 999 |
f |
f |
|s 1b2ca350-23ef-3b6c-887b-f25819145a5e
|i bec6f115-87d6-3258-8121-a6ee8422c955
|t 0
|
| 952 |
f |
f |
|a Texas A&M University
|b College Station
|c Electronic Resources
|s www_evans
|d Available Online
|t 0
|h No information provided
|
| 998 |
f |
f |
|t 0
|l Available Online
|